| 000 -LEADER |
| fixed length control field |
00882nam a2200241Ia 4500 |
| 001 - CONTROL NUMBER |
| control field |
12094 |
| 003 - CONTROL NUMBER IDENTIFIER |
| control field |
GE_BSU |
| 005 - DATE AND TIME OF LATEST TRANSACTION |
| control field |
20221118162158.0 |
| 008 - FIXED-LENGTH DATA ELEMENTS--GENERAL INFORMATION |
| fixed length control field |
181216s2014en xx |||||||||||||| ||eng|| |
| 020 ## - INTERNATIONAL STANDARD BOOK NUMBER |
| International Standard Book Number |
9781118336687x |
| 040 ## - CATALOGING SOURCE |
| Transcribing agency |
GE_BSU |
| 041 ## - LANGUAGE CODE |
| Language code of text/sound track or separate title |
eng |
| 080 ## - UNIVERSAL DECIMAL CLASSIFICATION NUMBER |
| Universal Decimal Classification number |
338.22:17 B-97 |
| 245 ## - TITLE STATEMENT |
| Title |
Business Ethics:Reading and Cases in Corporate Morality / |
| Statement of responsibility, etc. |
Edited by : W. Michael Hoffman, Robert E.Frederick, Marc S. Schwartz |
| 264 ## - PRODUCTION, PUBLICATION, DISTRIBUTION, MANUFACTURE, AND COPYRIGHT NOTICE |
| Place of production, publication, distribution, manufacture |
New York : |
| Name of producer, publisher, distributor, manufacturer |
Wiley Black Well, |
| Date of production, publication, distribution, manufacture, or copyright notice |
2014. |
| 300 ## - PHYSICAL DESCRIPTION |
| Extent |
758 p.: |
| Other physical details |
ill; |
| Dimensions |
24 cm. |
| 653 ## - INDEX TERM--UNCONTROLLED |
| keyword |
Business Ethics:Reading and Cases in Corporate Morality. |
| 653 ## - INDEX TERM--UNCONTROLLED |
| keyword |
ბიზნეს ეთიკა |
| 700 ## - ADDED ENTRY--PERSONAL NAME |
| Personal name |
Hoffman, W. Michael |
| Relator term |
რედაქტორი |
| 9 (RLIN) |
15938 |
| 700 ## - ADDED ENTRY--PERSONAL NAME |
| Personal name |
Frederick, Robert E. |
| Relator term |
რედაქტორი |
| 9 (RLIN) |
15939 |
| 700 ## - ADDED ENTRY--PERSONAL NAME |
| Personal name |
Schwartz, Marc S. |
| Relator term |
რედაქტორი |
| 9 (RLIN) |
15940 |
| 942 ## - ADDED ENTRY ELEMENTS (KOHA) |
| Koha item type |
წიგნი |
| Source of classification or shelving scheme |
|